Microsoft Excel y Microsoft Word para abogados : archivos prediseñados para la gestión del profesional /

Obra en que se ofrecen al profesional del derecho herramientas de los programas informáticos Excel y Word para organizar su trabajo y su oficina; entre las tareas que pueden facilitar se cuentan el seguimiento de causas judiciales; calendario; presupuestos para clientes; cuenta corriente de los clie...

Descripció completa

Guardat en:
Dades bibliogràfiques
Autor principal: Barral, Mónica (autor)
Format: Llibre
Idioma:espanyol
Publicat: Buenos Aires, Argentina : Omicron System, 2004, c2004
Matèries:
Etiquetes: Afegir etiqueta
Sense etiquetes, Sigues el primer a etiquetar aquest registre!

MARC

LEADER 00000nam^a2200000^a^4500
001 000183583
005 20250521000000.0
009 20260310102044.884
020 |a 987-1046-08-1 
037 |a Acervo ITESO - Biblioteca 
041 |a ESP 
082 |a 340. 02855369  |b BAR 
100 |a Barral, Mónica  |e (autor) 
245 1 0 |a Microsoft Excel y Microsoft Word para abogados :  |b archivos prediseñados para la gestión del profesional /  |c M. Barral. 
264 4 |a Buenos Aires, Argentina :  |b Omicron System,  |c 2004, c2004 
300 |a 239 p. +  |e 1 disco compacto de computadora 
336 |a texto  |b txt  |2 rdacontenido 
337 |a sin mediación  |b n  |2 rdamedio 
338 |a volumen  |b nc  |2 rdasoporte 
520 |a Obra en que se ofrecen al profesional del derecho herramientas de los programas informáticos Excel y Word para organizar su trabajo y su oficina; entre las tareas que pueden facilitar se cuentan el seguimiento de causas judiciales; calendario; presupuestos para clientes; cuenta corriente de los clientes; facturación; documentos para dar seguimiento a los procesos; cuadros con datos comerciales y personales de los clientes, administración financiera de la oficina, etc. 
649 |a XX 
650 |a Despachos Profesionales -  |x Administración 
650 |a Hoja de Cálculo 
650 |a Procesador de Textos 
650 |a Paquetes (Software) 
650 |a Sistemas de Información 
650 |a Informática 
650 |a Administración 
650 |a Ciencias Administrativas 
650 |a Derecho 
910 |a Fondo General 
920 |a Impresos - Libros 
930 |a Colección General 
905 |a 101 
901 |a 0500124133  |b IT1  |c ACC  |u 20250521 
901 |a SFW0001128  |b IT2  |c SWS  |u 20250521 
902 |a https://opac.biblio.iteso.mx/vufind/Record/000183583